[Event "XVII MetLife Najdorf Open 2017"]
[Site "Warsaw"]
[Date "2017.07.09"]
[Round "1.24"]
[White "Golubov, Saveliy"]
[Black "Prithu Gupta"]
[Result "1-0"]
[WhiteElo "2516"]
[BlackElo "2293"]
[Annotator "TA"]
[PlyCount "175"]
[EventDate "2017.??.??"]
[EventType "swiss"]
[EventCountry "POL"]
[SourceTitle "playchess.com"]
[Source "ChessBase"]
[SourceQuality "1"]

{[%evp 9,175,-7,24,17,14,14,24,21,27,27,28,26,29,20,22,-2,9,0,0,4,16,0,0,0,22,5,10,-10,-7,-12,6,3,0,1,14,11,22,20,27,23,27,23,35,0,31,25,36,20,60,53,108,104,115,74,81,59,68,53,70,74,68,32,164,170,163,141,130,0,0,0,129,121,123,118,126,84,69,20,34,16,25,16,41,36,129,127,129,78,80,65,129,137,183,190,221,191,191,191,191,191,191,191,191,187,180,180,156,123,221,214,210,208,273,224,235,224,224,221,12831,11231,12837,12837,12839,12839,12840,12839,12847,12847,12848,12848,12849,12849,12850,12845,12845,12845,12845,12846,12846,12847,12847,12845,12845,12846,12846,12845,12846,12844,12847,12847,12848,12848,12850,12850,12850,29980,12851,29984,12851,29983,12851,29977,12851,29990,12851,29991,12851,29996]} 1. d4 d5 2. Bf4 Nf6 3. e3 c5 4. c3 Nc6 5. Nd2 cxd4 6. exd4 {D00: 1 d4 d5: Unusual lines} Bf5 7. Ngf3 e6 8. Qb3 {White has an edge.} Qc8 9. Nh4 Be4 10. Nxe4 Nxe4 11. Be3 $146 ({Predecessor:} 11. Nf3 Bd6 12. Bxd6 Nxd6 {1-0 (38) Carlsen,M (2850)-Wojtaszek,R (2748) Reykjavik 2015}) 11... Be7 12. g3 O-O 13. Ng2 Na5 14. Qc2 Nc4 15. Bc1 Qc6 16. Bd3 e5 {...exd4 is the strong threat.} 17. f3 Nf6 18. O-O exd4 19. cxd4 Bd8 20. b3 Na5 $1 21. Qd2 Bb6 22. Bb2 Qd7 23. Ne3 {Black must now prevent Nf5.} Nc6 24. Nf5 Ne7 25. Nxe7+ Qxe7 26. a4 a6 (26... Ba5 $5 {[%cal Ra5d2]} 27. Bxh7+ (27. Qxa5 Qe3+ 28. Rf2 Qxd3 $11) 27... Kxh7 28. Qxa5 Qe3+ 29. Rf2 Rfc8 $11) 27. Kg2 Rfe8 28. Rfe1 (28. Rae1 $5 {[%cal Re1e7]} Qf8 29. Rc1 $14) 28... Qd6 29. Ba3 Qd7 (29... Qd8 $14) 30. Qb4 $16 Ba7 31. Re5 a5 32. Qc3 Rac8 33. Qb2 Rxe5 34. dxe5 Ne8 35. Qd2 Bd4 ({Black should play} 35... Bb6 $1 $14) 36. Bb5 $1 $18 {[%cal Rb5d7]} Qf5 37. Rc1 $1 ({Wrong is} 37. Qxd4 $2 Rc2+ 38. Qf2 (38. Kg1 $2 Qh3 $19) 38... Rxf2+ 39. Kxf2 Nc7 $19) 37... Bxe5 38. g4 (38. Qxd5 $16 Rxc1 39. Bxc1 Qc2+ 40. Qd2 Qxd2+ 41. Bxd2) 38... Qe6 $11 39. Re1 $40 {[%mdl 128] White attacks.} Nd6 {[#]} (39... Nc7 $11 {keeps the balance.}) 40. Bd7 $1 $16 {[%cal Rd7e6][%mdl 512]} Qxd7 41. Rxe5 Ne8 42. Rxd5 Qe6 43. Rd3 h5 44. gxh5 Qf5 45. h6 Qg6+ 46. Kf1 Qxh6 (46... gxh6 $14 47. Bb2 Qf5) 47. Qxh6 gxh6 $14 {[%mdl 4096] Endgame KRB-KRN} 48. Bb2 ({White should try} 48. Rd5 $1) 48... Rc2 49. Be5 Rc6 (49... f6 $14 50. Bf4 h5) 50. Rd8 $16 Kf8 51. Rb8 Rb6 52. Bd4 Rxb3 53. Bc5+ Kg7 54. Rxe8 {And now Kg2 would win.} Rxf3+ $18 {[#] KRB-KR} 55. Kg2 $1 Rf4 56. Rb8 Rxa4 57. Rxb7 Rc4 58. Bd6 Rc6 (58... a4 $16 59. Kf3 Kg6) 59. Be5+ Kg6 {[#]} 60. Ra7 $1 Rc5 61. Ra6+ Kh7 62. Bd6 Rc2+ 63. Kf3 Ra2 $2 (63... f6 64. Rxa5 Kg6) 64. Bf4 h5 65. Ke4 a4 66. Kf5 a3 67. Ra8 Ra1 68. Be5 {[%csl Ge5][%cal Ra8h8]} Rf1+ 69. Kg5 {[%csl Ge5][%cal Ra8h8]} Rg1+ 70. Kxh5 {[%csl Ge5][%cal Ra8h8]} Rg8 71. Rxa3 Re8 72. Ra5 Re6 73. Kg5 Rg6+ 74. Kf5 {Threatening mate with Ra8.} Rg2 75. Bf4 Rf2 76. h4 Rf1 77. Ra7 Kg7 78. Ra2 Kh7 79. Rg2 Rh1 80. Rg4 Rf1 81. Kf6 Rf3 82. Kxf7 Kh8 83. Kf6 Rf1 84. Kf5 Kh7 85. Rg2 Rf3 86. Ra2 Rf1 87. h5 Rf2 88. Rxf2 {Precision: White = 64%, Black = 42%.} 1-0

[Event "XVII MetLife Najdorf Open 2017"]
[Site "Warsaw"]
[Date "2017.07.09"]
[Round "1.25"]
[White "Niekras, Dawid"]
[Black "Stefanova, Antoaneta"]
[Result "0-1"]
[WhiteElo "2291"]
[BlackElo "2512"]
[Annotator "TA"]
[PlyCount "194"]
[EventDate "2017.??.??"]
[EventType "swiss"]
[EventCountry "POL"]
[SourceTitle "playchess.com"]
[Source "ChessBase"]
[SourceQuality "1"]

{[%evp 16,194,40,22,42,0,0,0,16,43,54,47,33,42,48,0,23,20,33,55,46,34,50,0,20,0,0,0,0,0,0,0,0,0,0,0,0,0,0,0,0,0,-11,-34,-40,-27,-27,-39,0,-25,-25,-27,-18,-56,-59,-105,-60,-76,-33,-116,0,-11,0,-160,0,0,0,0,0,-16,-23,-24,-26,-119,-48,-122,-120,-182,-146,-155,-109,-130,-126,-100,-99,-406,-397,-375,-312,-540,-525,-487,-469,-489,-479,-525,-595,-516,-520,-365,-353,-327,-310,-268,-222,-420,-406,-398,-166,-457,-389,-376,-159,-202,-118,-143,-138,-129,-133,-126,-151,-152,-135,-133,-79,-74,-75,-74,0,-14,-9,-33,0,0,-4,-6,0,0,0,0,0,0,0,0,0,-162,-162,-275,-187,-602,-596,-835,-703,-880,-826,-1138,-1108,-1967,-1967,-4618,-4330,-4195,-2235,-29970,-29969,-29968,-29961,-29979,-29979,-5999,-5756,-29983,-29983,-29985,-29986,-29986,-29987,-29987,-29988,-29988,-29988]} 1. e4 g6 2. d4 Bg7 3. Nc3 c6 4. f4 d5 5. e5 h5 6. Nf3 Bg4 7. Be2 e6 8. Be3 Nh6 9. Qd2 {LiveBook: 19 Games. B15: Caro-Kann: 3 Nc3: 3...g6 and 3...dxe4 4 Nxe4 Nf6 5 Nxf6+ exf6} Bf8 (9... Nf5 10. Bf2 Nd7 11. Ng5 Bxe2 12. Nxe2 Bh6 13. g3 c5 14. c3 cxd4 15. cxd4 Bxg5 16. fxg5 Nb8 17. Rc1 Nc6 18. Rc5 Rc8 {½-½ (66) Golubov,S (2347)-Chekhov,S (2474) St Petersburg 2014}) 10. g3 Nf5 11. Bf2 {The position is equal.} h4 12. O-O-O Nd7 13. Ng5 Nh6 14. Rdf1 $146 ({Predecessor:} 14. Rdg1 Bb4 15. Bxg4 Nxg4 16. Be1 Qa5 17. Qe2 Nh6 18. Kb1 Nb6 19. g4 Nc4 20. Qd3 Rc8 21. Nxe6 Nxb2 22. Kxb2 Ba3+ 23. Ka1 fxe6 24. Nb1 {1-0 (24) Schmitz,T (2245)-Zimber,A (2085) Boeblingen 2005}) 14... Nb6 15. Be1 Bxe2 16. Qxe2 Nc4 17. b3 Ba3+ 18. Kb1 Nf5 19. Nf3 Qb6 20. Qd3 Nb2 21. Qd2 Nc4 22. Qd3 $1 Nb2 23. Qd2 a5 24. g4 Nc4 25. Qd3 Nfe3 26. Na4 Qb5 27. Rfg1 Be7 28. Nc3 Na3+ 29. Kc1 (29. Kb2 $5 {[%cal Rc3b5]} Qxd3 30. cxd3 $11) 29... Qxd3 30. cxd3 h3 31. Kb2 b5 (31... Ng2 $5 {[%cal Rg2f4]} 32. Bd2 Bb4 $15) 32. Bd2 Ng2 {[%cal Be3g2,Bg2h4,Bh4f3][%mdl 32]} 33. Rc1 Kd7 34. Ne2 b4 $1 35. Ng3 Ra6 36. f5 Nh4 37. Ng5 (37. fxe6+ $15 fxe6 38. Rcf1) 37... Bxg5 (37... gxf5 $17 38. gxf5 (38. Nxf7 $2 Rf8 $17) 38... Nxf5 39. Nxf5 (39. Nxf7 Rg8 $17) 39... Bxg5 40. Bxg5 exf5) 38. Bxg5 $11 {And now fxe6+ would win.} Nf3 39. Be3 $2 {[#]} (39. fxe6+ $1 $11 fxe6 40. Be3) 39... Nb5 $2 (39... exf5 $1 $17 40. gxf5 g5) 40. fxe6+ fxe6 41. Rcf1 Nbxd4 42. Bxd4 (42. Ne2 $5 Nxe2 43. Rxf3 $14) 42... Nxd4 43. Rf7+ Kc8 44. Rhf1 (44. Re1 $1 $11) 44... c5 ({Black should try} 44... a4 $17 {...axb3 is the strong threat.} 45. R7f4 c5) 45. Re7 (45. R1f6 $1 $15) 45... Kb8 46. Rf6 (46. Rff7 $17 {was called for.}) 46... a4 $36 {[%cal Ba5a4,Ba4a3][%mdl 2080] Black has strong initiative.} 47. Nf1 c4 48. dxc4 dxc4 49. bxc4 Rd8 {Strongly threatening ...a3+.} 50. Ref7 $2 {[%mdl 8192]} (50. Rxg6 a3+ 51. Kb1 b3 $19) (50. Rff7 $17) 50... a3+ $19 51. Kb1 Ra5 52. Rf8 $2 (52. Nd2 Rxe5 53. Rf1) 52... Rxf8 53. Rxf8+ {[%mdl 4096] Endgame KRN-KRN} Kc7 54. Rf4 Ne2 55. Rf7+ Kc6 56. Kc2 Nd4+ 57. Kd3 {[#]} Nb3 $1 {[%mdl 512]} 58. Kc2 {[#]} (58. axb3 a2) 58... Na1+ $1 59. Kd3 Rxe5 60. Ne3 $2 (60. Nd2 {was worth a try.} Re1 61. Ra7) 60... b3 61. axb3 Nxb3 (61... a2 $142 62. Ra7 Nxb3 63. Ra6+ Kb7 64. Rxa2 Nc1+ 65. Kd4 Rxe3 66. Rb2+ Rb3) 62. Ra7 $2 {[#]} (62. Nc2 {is the only way for White.}) 62... a2 $1 {[%mdl 512]} 63. Nc2 (63. Rxa2 Nc1+) 63... Nc5+ (63... Na5 $19 {has better winning chances.} 64. Ra8 Kb7) 64. Kc3 Re4 (64... Kd6 $19 {Hoping for ...Re2.} 65. Nd4 Re3+ 66. Kb4 Nd3+ 67. Kc3 e5) 65. Rxa2 Rxg4 66. Nd4+ Kd6 67. Nb5+ Ke5 {aiming for ...Rg2.} 68. Re2+ Re4 69. Rd2 {intending Kb4.} Re3+ (69... Kf4 $142 70. Kb4 Re5) 70. Kb4 $17 Nd3+ 71. Ka5 Nc5 (71... Ke4 $17) 72. Kb6 (72. Kb4 $5 {[%cal Rb4c5]} Nd3+ 73. Ka5 $17) 72... Ne4 73. Rc2 Rb3 74. c5 Kf6 75. Rc4 Ke5 {White should prevent ...Rb2.} 76. Rc2 Kf4 77. c6 Nd6 $1 {[%cal Rd6b5]} 78. Rc5 Ne8 {White must now prevent ...Rb2.} (78... Rb2 $5) 79. c7 (79. Rc4+ {keeps more tension.} Ke5 80. Rc2 Nd6 81. Rc5+ Kf6 82. Ka6) 79... Nxc7 $1 80. Rxc7 $2 $11 {KRN-KR} (80. Kxc7 $11 {and White stays safe.} Rb2 81. Rc4+ Kf3 82. Nd4+ Kg2 83. Nxe6) 80... Rb2 $19 81. Rf7+ (81. Rc4+ $142 Ke5 82. Rc5+ Kf6 83. Rc1) 81... Ke5 82. Kc6 $2 (82. Rg7) 82... Rxh2 83. Kd7 Rd2+ 84. Kc7 h2 85. Rf1 g5 {[%cal Bg6g5,Bg5g4,Bg4g3,Bg3g2][%mdl 32]} 86. Re1+ Kf4 87. Nd6 g4 88. Rf1+ Ke3 89. Nc4+ Ke2 90. Nxd2 g3 91. Rh1 Kxd2 {KR-K3P} 92. Kd6 Ke3 93. Kxe6 Kf3 {Black mates.} 94. Ra1 g2 95. Ra3+ Kg4 96. Ra4+ Kg5 97. Ra5+ Kg6 {Precision: White = 42%, Black = 57%.} 0-1

[Event "XVII MetLife Najdorf Open 2017"]
[Site "Warsaw"]
[Date "2017.07.09"]
[Round "1.26"]
[White "Kanarek, Marcel"]
[Black "Karpus, Michal"]
[Result "1-0"]
[WhiteElo "2509"]
[BlackElo "2291"]
[Annotator "ChessBase"]
[PlyCount "55"]
[EventDate "2017.??.??"]
[EventType "swiss"]
[EventCountry "POL"]
[SourceTitle "playchess.com"]
[Source "ChessBase"]
[SourceQuality "1"]
[TimeControl "40/5400+30:1800+30"]

1. d4 Nf6 2. c4 g6 3. Nc3 d5 4. cxd5 Nxd5 5. e4 Nxc3 6. bxc3 Bg7 7. Nf3 c5 8. Rb1 b6 9. Bb5+ Nd7 10. O-O O-O 11. h4 Nf6 12. Re1 Bg4 13. Ba3 Qc7 14. Qe2 Rad8 15. Qe3 Bxf3 16. gxf3 Nh5 17. e5 f6 18. dxc5 fxe5 19. cxb6 axb6 20. Qxb6 Qxc3 21. Bxe7 Qxf3 22. Be2 Qf5 23. Bxd8 Nf4 24. Bc4+ Kh8 25. Rb3 Qc8 26. Be7 Re8 27. Bf1 Nd5 28. Qc5 1-0

[Event "XVII MetLife Najdorf Open 2017"]
[Site "Warsaw"]
[Date "2017.07.09"]
[Round "1.27"]
[White "Siekanski, Janusz"]
[Black "Tabatabaei, M amin"]
[Result "1-0"]
[WhiteElo "2287"]
[BlackElo "2509"]
[Annotator "TA"]
[PlyCount "24"]
[EventDate "2017.??.??"]
[EventType "swiss"]
[EventCountry "POL"]
[SourceTitle "playchess.com"]
[Source "ChessBase"]
[SourceQuality "1"]

{[%evp 1,1,18]} 1. d4 {Predecessor:} d5 $146 2. Bf4 c5 3. e3 Nc6 4. c3 Qb6 5. Qb3 Nf6 6. Nd2 c4 7. Qc2 Nh5 8. Bg5 h6 9. Bh4 g5 10. Be2 Ng7 11. Bg3 Bf5 12. Qc1 e6 {1-0 (41) Carlsen,M (2832)-So,W (2812) Leuven 2017} 1-0

[Event "XVII MetLife Najdorf Open 2017"]
[Site "Warsaw"]
[Date "2017.07.09"]
[Round "1.28"]
[White "Debashis, Das"]
[Black "Sieber, Fiona"]
[Result "1-0"]
[WhiteElo "2505"]
[BlackElo "2287"]
[Annotator "TA"]
[PlyCount "43"]
[EventDate "2017.??.??"]
[EventType "swiss"]
[EventCountry "POL"]
[SourceTitle "playchess.com"]
[Source "ChessBase"]
[SourceQuality "1"]

{[%evp 24,43,41,35,66,59,100,88,87,62,64,41,131,107,488,470,721,714,722,716,713,704]} 1. d4 Nf6 2. c4 e6 3. Nc3 Bb4 4. e3 O-O 5. Bd3 d5 6. Nf3 c5 7. O-O Nc6 8. cxd5 exd5 9. dxc5 Bxc5 10. b3 {E56: Nimzo-Indian: Rubinstein: Main Line: 7...Nc6} Qe7 11. Bb2 a6 12. h3 Rd8 13. Ne2 {[%cal Bc3e2,Be2f4,Bf4d3][%mdl 32] LiveBook: 3 Games} Ne4 14. Rc1 Rd6 $146 ({Predecessor:} 14... Bf5 15. Ned4 Nxd4 16. Nxd4 Bxd4 17. Bxd4 Qg5 18. Qf3 Rac8 {1-0 (76) Landa,K (2601)-Zpevak,P (2343) Czech Republic 2017}) 15. Bb1 Be6 16. Nf4 Rad8 17. Nd3 b6 {[#]} (17... Bb6 $14) 18. b4 $1 $36 {[%cal Rb4c5][%mdl 2560] White has strong initiative.} Nxf2 $2 {[%mdl 8192]} (18... Nxb4 $16 19. Nxb4 Bxh3) (18... Bxb4 19. Nxb4) 19. Kxf2 $18 {White is clearly winning.} ({Not} 19. bxc5 Nxd1 20. cxd6 Qxd6 $16) 19... d4 (19... Nxb4 $142 20. Nxc5 bxc5 21. Rxc5 d4 22. Bxd4 g6) 20. bxc5 dxe3+ 21. Kg1 bxc5 22. Qe2 1-0

[Event "XVII MetLife Najdorf Open 2017"]
[Site "Warsaw"]
[Date "2017.07.09"]
[Round "1.29"]
[White "Kukawski, Maciej"]
[Black "Riff, Jean-Noel"]
[Result "0-1"]
[WhiteElo "2285"]
[BlackElo "2493"]
[Annotator "ChessBase"]
[PlyCount "116"]
[EventDate "2017.??.??"]
[EventType "swiss"]
[EventCountry "POL"]
[SourceTitle "playchess.com"]
[Source "ChessBase"]
[SourceQuality "1"]
[TimeControl "40/5400+30:1800+30"]

1. e4 c5 2. c3 d5 3. exd5 Qxd5 4. d4 g6 5. Nf3 Bg7 6. Na3 cxd4 7. Bc4 Qd8 8. Qb3 e6 9. Nb5 a6 10. Bg5 Ne7 11. Nbxd4 Qc7 12. O-O Nbc6 13. Rad1 Na5 14. Qa4+ Bd7 15. Qa3 Bf8 16. Be2 h6 17. Bf4 Qxf4 18. Qxa5 Nd5 19. g3 Qb8 20. b4 Nxc3 21. Ne5 Nxe2+ 22. Nxe2 Bb5 23. Rfe1 Bg7 24. Nd4 Bxe5 25. Nxb5 O-O 26. Na3 b5 27. Rd7 Rc8 28. Nb1 Rc7 29. Rd3 Qb7 30. Nd2 Rd7 31. Rxd7 Qxd7 32. Ne4 Qc6 33. Qa3 Bd4 34. Qd3 Rd8 35. Qf3 Kg7 36. Qf4 Rd5 37. Rd1 Be5 38. Rc1 Rd1+ 39. Kg2 Rxc1 40. Qxe5+ Kf8 41. Qh8+ Ke7 42. Qf6+ Ke8 43. Qh8+ Kd7 44. f3 Rc2+ 45. Kh3 Kc7 46. Qf8 Qd5 47. Qxf7+ Kb6 48. g4 Qxa2 49. Qxg6 Rxh2+ 50. Kg3 Rh1 51. Kf4 Qh2+ 52. Ke3 Re1+ 53. Kd3 Qe2+ 54. Kd4 Qb2+ 55. Kd3 Qb3+ 56. Kd4 Qxb4+ 57. Ke5 Qc3+ 58. Kd6 Qc7+ 0-1

[Event "XVII MetLife Najdorf Open 2017"]
[Site "Warsaw"]
[Date "2017.07.09"]
[Round "1.30"]
[White "Annaberdiev, Meilis"]
[Black "Rakesh Kumar Jena"]
[Result "1-0"]
[WhiteElo "2485"]
[BlackElo "2283"]
[Annotator "ChessBase"]
[PlyCount "45"]
[EventDate "2017.??.??"]
[EventType "swiss"]
[EventCountry "POL"]
[SourceTitle "playchess.com"]
[Source "ChessBase"]
[SourceQuality "1"]
[TimeControl "40/5400+30:1800+30"]

1. Nf3 c5 2. g3 d5 3. Bg2 Nc6 4. d4 Nf6 5. O-O Bg4 6. Ne5 cxd4 7. Nxg4 Nxg4 8. c3 Nf6 9. cxd4 Qb6 10. Nc3 e6 11. e4 dxe4 12. Nxe4 Be7 13. Nxf6+ Bxf6 14. d5 Rd8 15. Be3 Qxb2 16. Qa4 Qb4 17. Qc2 exd5 18. Bc5 Qc3 19. Rfe1+ Kd7 20. Qf5+ Kc7 21. Rac1 Qb2 22. Rb1 Qc3 23. Qf4+ 1-0

[Event "XVII MetLife Najdorf Open 2017"]
[Site "Warsaw"]
[Date "2017.07.09"]
[Round "1.31"]
[White "Othman, A  Moussa"]
[Black "Socko, Monika"]
[Result "1/2-1/2"]
[WhiteElo "2277"]
[BlackElo "2480"]
[Annotator "TA"]
[PlyCount "84"]
[EventDate "2017.??.??"]
[EventType "swiss"]
[EventCountry "POL"]
[SourceTitle "playchess.com"]
[Source "ChessBase"]
[SourceQuality "1"]

{[%evp 11,84,0,0,2,-14,-14,26,-7,3,13,16,6,0,-8,15,3,20,8,1,-25,0,-10,0,0,0,0,0,-15,-12,-12,-18,-8,0,-37,-48,-44,-21,-30,0,0,0,0,0,0,0,0,0,-61,-45,-60,-69,-81,-81,-62,-73,-34,0,0,0,0,58,59,132,0,0,0,0,0,0,0,0,0,0,0,0]} 1. d4 Nf6 2. c4 e6 3. g3 d5 4. Bg2 a6 5. Nf3 dxc4 6. a4 c5 7. O-O {E04: Open Catalan: 5 Nf3} (7. Qc2 cxd4 8. Qxc4 Nc6 9. O-O Be7 10. Bf4 Nh5 11. Be5 Bf6 12. Qc5 Be7 13. Qc4 Bf6 14. Qc5 Be7 15. Qc4 Nxe5 16. Nxe5 f6 17. Bf3 {½-½ (17) Lubczynski,R (2431)-Jakubowski,K (2529) Poronin 2016}) 7... cxd4 8. Nxd4 Bc5 9. Be3 $146 {White has an edge.} ({Predecessor:} 9. Nc2 Qxd1 10. Rxd1 Ng4 11. e3 Nc6 12. Nba3 Na5 13. Bd2 Nb3 14. Rab1 e5 {½-½ (25) Glowatzky,T (2062)-Adamczyk,M (2001) DESC email 2001}) 9... Qe7 10. Nc2 Nc6 11. Bxc6+ bxc6 12. Nba3 Nd5 (12... c3 $5) 13. Bxc5 Qxc5 14. e4 Nf6 15. Qe2 O-O 16. e5 Nd7 17. Nxc4 a5 18. N2a3 Ba6 19. Rfd1 Nb6 {[%cal Rb6c4]} 20. b3 Nxc4 21. Nxc4 Bxc4 22. bxc4 Rab8 23. Qe4 Rb4 (23... Rb2 {looks sharper.} 24. Rd4 Qb4 25. Qd3 Rb3 26. Qd1 h6) 24. Rd4 g6 25. h4 h5 26. Kg2 Qa7 27. Rd6 c5 28. Qf4 Qb7+ 29. Kh2 (29. Kg1 $11) 29... Rb3 $1 $15 30. Rad1 Rf3 $1 {[%cal Rf3f4]} 31. Qd2 Qe4 32. Kg1 Qxe5 33. Qxa5 Qe2 34. Qxc5 {And now R6d2 would win.} Rf5 35. Qd4 e5 (35... Kh7 $11) 36. Qc5 $14 Kg7 {[#]} ({Black should play} 36... Rb8 $14) 37. Rd8 (37. R6d2 $1 $16 {[%cal Rd2e2]} Qe4 38. a5) 37... Rxd8 $11 {The position is equal.} 38. Rxd8 {Intending Qf8+ and mate.} Kh7 39. a5 Qe1+ 40. Kg2 Qe4+ 41. Kg1 Qe1+ 42. Kg2 Qe4+ {Precision: White = 54%, Black = 58%.} 1/2-1/2

[Event "XVII MetLife Najdorf Open 2017"]
[Site "Warsaw"]
[Date "2017.07.09"]
[Round "1.32"]
[White "Puranik, Abhimanyu"]
[Black "AlHuwar, Jasem"]
[Result "1-0"]
[WhiteElo "2479"]
[BlackElo "2275"]
[Annotator "ChessBase"]
[PlyCount "53"]
[EventDate "2017.??.??"]
[EventType "swiss"]
[EventCountry "POL"]
[SourceTitle "playchess.com"]
[Source "ChessBase"]
[SourceQuality "1"]
[TimeControl "40/5400+30:1800+30"]

1. e4 e6 2. d4 d5 3. Nd2 dxe4 4. Nxe4 Nd7 5. Nf3 Ngf6 6. Bd3 Nxe4 7. Bxe4 Nf6 8. Bd3 c5 9. Bg5 cxd4 10. Nxd4 Bc5 11. c3 O-O 12. Bxf6 gxf6 13. Bxh7+ Kxh7 14. Qh5+ Kg7 15. Qxc5 b6 16. Qc6 Rb8 17. O-O-O Qe7 18. Qe4 Qc5 19. Rd3 Rh8 20. h4 Rh5 21. Qg4+ Kf8 22. Nc6 Rd5 23. Rxd5 exd5 24. Qf4 Qxc6 25. Qxb8 d4 26. Rd1 Kg7 27. Qg3+ 1-0

[Event "XVII MetLife Najdorf Open 2017"]
[Site "Warsaw"]
[Date "2017.07.09"]
[Round "1.33"]
[White "Chylewski, Patryk"]
[Black "Nihal Sarin"]
[Result "0-1"]
[WhiteElo "2275"]
[BlackElo "2471"]
[Annotator "ChessBase"]
[PlyCount "88"]
[EventDate "2017.??.??"]
[EventType "swiss"]
[EventCountry "POL"]
[SourceTitle "playchess.com"]
[Source "ChessBase"]
[SourceQuality "1"]
[TimeControl "40/5400+30:1800+30"]

1. e4 c5 2. Nf3 d6 3. d4 cxd4 4. Nxd4 Nf6 5. f3 a6 6. c4 e6 7. Nc3 Be7 8. Be3 O-O 9. Be2 b6 10. O-O Bb7 11. Qd2 Nbd7 12. Rfd1 Qc7 13. Rac1 Rac8 14. Bf1 Qb8 15. Qf2 Bd8 16. b3 Bc7 17. g3 Rfe8 18. Nde2 Rcd8 19. Bg2 h6 20. Rd2 Ba8 21. Rdd1 d5 22. cxd5 exd5 23. Nxd5 Nxd5 24. exd5 Nf6 25. Nc3 Nxd5 26. Nxd5 Rxd5 27. f4 Rxd1+ 28. Rxd1 b5 29. Ba7 Qc8 30. Bxa8 Qxa8 31. Bc5 Bd8 32. Re1 Rxe1+ 33. Qxe1 Bf6 34. Qf2 Qe4 35. Bb6 h5 36. Bc5 a5 37. Bb6 a4 38. bxa4 bxa4 39. Bc5 a3 40. h4 Bb2 41. Qf1 Qd5 42. Be7 Bd4+ 43. Kh2 Qxa2+ 44. Kh3 Qe6+ 0-1

[Event "XVII MetLife Najdorf Open 2017"]
[Site "Warsaw"]
[Date "2017.07.09"]
[Round "1.34"]
[White "Prasanna Raghuram Rao"]
[Black "Harazinska, Ewa"]
[Result "1/2-1/2"]
[WhiteElo "2466"]
[BlackElo "2269"]
[Annotator "ChessBase"]
[PlyCount "74"]
[EventDate "2017.??.??"]
[EventType "swiss"]
[EventCountry "POL"]
[SourceTitle "playchess.com"]
[Source "ChessBase"]
[SourceQuality "1"]
[TimeControl "40/5400+30:1800+30"]

1. e4 c5 2. Nf3 d6 3. Bb5+ Bd7 4. Bxd7+ Qxd7 5. O-O Nf6 6. Qe2 Nc6 7. Rd1 g6 8. b3 Bg7 9. Bb2 O-O 10. d4 cxd4 11. Nxd4 Nxd4 12. Bxd4 Qc6 13. Nd2 b5 14. Rac1 Rac8 15. f3 Ng4 16. c3 Bxd4+ 17. cxd4 Qxc1 18. Rxc1 Rxc1+ 19. Nf1 Nf6 20. Qxb5 Rfc8 21. h3 Ra1 22. Kh2 Nh5 23. Ng3 Nf4 24. Qg5 Nxg2 25. Nf5 Rc2 26. Qxe7 Ne3+ 27. Kg3 Rg2+ 28. Kh4 gxf5 29. Qxd6 fxe4 30. Qb8+ Kg7 31. Qe5+ Kf8 32. Qd6+ Ke8 33. Qb8+ Ke7 34. Qe5+ Kd7 35. Qb5+ Ke7 36. Qe5+ Kd7 37. Qb5+ Ke7 1/2-1/2

[Event "XVII MetLife Najdorf Open 2017"]
[Site "Warsaw"]
[Date "2017.07.09"]
[Round "1.35"]
[White "Nowicki, Bartosz"]
[Black "Thybo, Jesper Sondergaard"]
[Result "0-1"]
[WhiteElo "2262"]
[BlackElo "2465"]
[Annotator "ChessBase"]
[PlyCount "66"]
[EventDate "2017.??.??"]
[EventType "swiss"]
[EventCountry "POL"]
[SourceTitle "playchess.com"]
[Source "ChessBase"]
[SourceQuality "1"]
[TimeControl "40/5400+30:1800+30"]

1. e4 e5 2. Nf3 Nc6 3. Bb5 a6 4. Ba4 Nf6 5. d3 d6 6. O-O Be7 7. Re1 O-O 8. c3 Re8 9. Nbd2 Bf8 10. Nf1 h6 11. Ng3 d5 12. Qe2 b5 13. Bc2 Be6 14. h3 d4 15. Bd2 a5 16. Nf5 a4 17. g4 a3 18. bxa3 Rxa3 19. cxd4 Nxd4 20. N3xd4 exd4 21. Reb1 Qd7 22. Qf3 Nh7 23. h4 Rea8 24. Qf4 Rxa2 25. Rxa2 Rxa2 26. Bb3 g5 27. hxg5 hxg5 28. Qe5 Rxd2 29. Bxe6 fxe6 30. Nxd4 Rxd3 31. Nxe6 Rd1+ 32. Rxd1 Qxd1+ 33. Kh2 Bd6 0-1

[Event "XVII MetLife Najdorf Open 2017"]
[Site "Warsaw"]
[Date "2017.07.09"]
[Round "1.36"]
[White "Krzyzanowski, Marcin"]
[Black "Selbes, Tarik"]
[Result "1-0"]
[WhiteElo "2464"]
[BlackElo "2260"]
[Annotator "ChessBase"]
[PlyCount "97"]
[EventDate "2017.??.??"]
[EventType "swiss"]
[EventCountry "POL"]
[SourceTitle "playchess.com"]
[Source "ChessBase"]
[SourceQuality "1"]
[TimeControl "40/5400+30:1800+30"]

1. e4 d6 2. d4 Nf6 3. Nc3 g6 4. Bg5 Bg7 5. Qd2 h6 6. Bf4 Nc6 7. f3 a6 8. O-O-O b5 9. g4 Bb7 10. Qe1 b4 11. Nb1 a5 12. Bb5 Kf8 13. h4 Qb8 14. Ne2 a4 15. d5 Na5 16. Qxb4 c6 17. Bxc6 Bxc6 18. Qxb8+ Rxb8 19. dxc6 Ne8 20. Nec3 Nc4 21. b3 axb3 22. axb3 Na5 23. Nd5 Nxc6 24. Be3 Ra8 25. g5 hxg5 26. hxg5 Rxh1 27. Rxh1 e6 28. Nb6 Ra2 29. Rh2 Nc7 30. Rf2 Bb2+ 31. Kd2 Nb5 32. Na4 Bg7 33. Nbc3 Nxc3 34. Nxc3 Ra1 35. Nb5 d5 36. exd5 exd5 37. Bc5+ Kg8 38. Nc7 Bb2 39. f4 d4 40. Nd5 Ra5 41. b4 Bc3+ 42. Nxc3 dxc3+ 43. Kxc3 Ra3+ 44. Kb2 Ra8 45. c4 Nd8 46. Bd4 Ne6 47. Bf6 Nf8 48. Rh2 Nh7 49. b5 1-0